[Event "Wch U20"]
[Site "Yerevan"]
[Date "1999.09.24"]
[Round "7"]
[White "Aronian, Levon"]
[Black "Chibukhchian, Artur"]
[Result "1-0"]
[WhiteElo "2518"]
[BlackElo "2413"]

1.Nf3 d5 2.g3 Nc6 3.Bg2 e5 4.O-O Nf6 5.c4 Be7 6.cxd5 Nxd5 7.Nc3 Nb6 8.Rb1 a5
9.b3 O-O 10.Bb2 Re8 11.d3 Bf8 12.Nd2 Be6 13.Rc1 f6 14.a3 Qd7 15.Re1 Nd5 16.Na4 Rad8
17.Ne4 b6 18.e3 Nde7 19.Bf1 Qd5 20.Nd2 Qd7 21.Qc2 Kh8 22.Nc3 Bh3 23.Be2 Bg4
24.Nf3 Qf5 25.Nh4 Qd7 26.Bf1 Bh3 27.Ng2 Bf5 28.Ne4 Qd5 29.Nh4 Be6 30.Nd2 Qd7
31.Red1 Bg4 32.Nhf3 Qf5 33.Be2 Qh5 34.Qc4 Rd6 35.Qa4 Red8 36.Re1 f5 37.e4 f4
38.h4 fxg3 39.fxg3 Rxd3 40.Bxd3 Rxd3 41.Qb5 Rxf3 42.Nxf3 Bxf3 43.Rxc6 Qg4
44.Bxe5 Qh3 45.Rc2 Qh1+ 46.Kf2 Qg2+ 47.Ke3 Qxc2 48.Kxf3 Nc6 49.Ba1 h6 50.Qc4 Qd2
51.Qe2 Qd7 52.Kg2 Bxa3 53.Qh5 Qe6 54.Kh2 Bd6 55.Qd5 Qxd5 56.exd5 Ne7 57.Be5 Nxd5
58.Bxd6 cxd6 59.Re6 b5 60.Rxd6 Nc3 61.Rc6 b4 62.Ra6 a4 63.bxa4 b3 64.a5  1-0

[Event "Donne Haas mem"]
[Site "Bonnevoie"]
[Date "1999.09.25"]
[Round "8"]
[White "Jansa, Vlastimil"]
[Black "Wagener, Claude"]
[Result "1-0"]
[WhiteElo "2442"]
[BlackElo "2231"]

1.Nf3 d5 2.g3 Nf6 3.Bg2 c5 4.O-O Nc6 5.d4 e6 6.c4 dxc4 7.Qa4 Bd7 8.Qxc4 cxd4
9.Nxd4 Rc8 10.Nc3 Nxd4 11.Qxd4 Bc5 12.Qh4 Bc6 13.Bg5 Be7 14.Rad1 Qb6 15.Bxc6+ Qxc6
16.e4 Qc5 17.e5 Qxe5 18.Qa4+ b5 19.Qxb5+ Qxb5 20.Nxb5 a6 21.Bxf6 axb5 22.Bxg7 Rg8
23.Be5 f6 24.Bf4 e5 25.Be3 Rg4 26.Rd2 Rgc4 27.Rfd1 Kf7 28.Kg2 Ke6 29.f4 Bb4
30.Rf2 Re4 31.f5+ Ke7 32.Bh6 Be1 33.Kf3 Bxf2 34.Kxe4 Bd4 35.Rc1 Ra8 36.Rc7+ Kd6
37.Rf7 Rxa2 38.Rxf6+ Kc5 39.Bf8+ Kc4 40.Rc6+ Kb3 41.f6  1-0

[Event "Wch U20 Girls"]
[Site "Yerevan"]
[Date "1999.09.25"]
[Round "8"]
[White "Tsitaishvili, N."]
[Black "Sorokina, Anastasia"]
[Result "0-1"]
[WhiteElo "2142"]
[BlackElo "2162"]

1.Nf3 d5 2.g3 c5 3.b3 f6 4.Bg2 e5 5.d3 Nc6 6.Nbd2 Be6 7.c4 d4 8.O-O g5 9.a3 a5
10.Ne1 Nge7 11.e4 Ng6 12.Bf3 Qd7 13.Bh5 O-O-O 14.b4 cxb4 15.Qa4 Bh3 16.f3 Rg8
17.Bxg6 hxg6 18.Rf2 f5 19.Nb3 bxa3 20.Bxg5 Re8 21.Nxa5 Bd6 22.Rb1 Nxa5 23.Qxa5 Qc7
24.Qa4 fxe4 25.dxe4 Bd7 26.Qa8+ Qb8 27.Qxb8+ Kxb8 28.Nd3 Rc8 29.c5 Bxc5 30.Nxe5 Be6
31.Nd3 a2 32.Bf4+ Ka7 33.Ra1 Bc4 34.Nxc5 Rxc5 35.Rc2 Rgc8 36.Bd6 R5c6 37.Be5 Rd8
38.Kf2 d3 39.Rd2 b5 40.Ke3 Ra6 41.h4 b4 42.g4 b3 43.Bc3 Rc6 44.h5 gxh5 45.gxh5 Bf7
46.Bd4+ Ka6 47.Rh1 Rc2 48.Ba1 Rb8 49.Rxc2 dxc2 50.Bb2 Rd8 51.Ke2 Bc4+  0-1

[Event "Najdorf mem op"]
[Site "Buenos Aires"]
[Date "1999.09.27"]
[Round "6"]
[White "Fiorito, Fabian"]
[Black "Kanefsck, Gustavo"]
[Result "0-1"]
[WhiteElo "2440"]
[BlackElo "2391"]

1.Nf3 d5 2.g3 Nf6 3.Bg2 c6 4.O-O Bf5 5.d3 e6 6.Nbd2 h6 7.Qe1 Bh7 8.e4 Be7
9.Qe2 a5 10.a3 Na6 11.b3 O-O 12.Bb2 Rc8 13.Kh1 b5 14.Ne5 a4 15.bxa4 bxa4
16.f4 Nd7 17.Nxd7 Qxd7 18.Qg4 f6 19.Rae1 Nc7 20.Nf3 Rb8 21.Bc1 Rf7 22.Nh4 f5
23.exf5 exf5 24.Qh5 Bxh4 25.gxh4 Re7 26.Qd1 Bg6 27.Qd2 Rxe1 28.Rxe1 c5 29.Qa5 Ne6
30.c4 dxc4 31.dxc4 Bf7 32.Bd5 Rb1 33.Be3 Rxe1+ 34.Qxe1 Nd4 35.Bxf7+ Kxf7
36.Qd2 Qb7+ 37.Qg2 Qb1+ 38.Bg1 Qd1 39.Qd5+ Kg6 40.h3 Qe1 41.Kg2 Qe4+ 42.Qxe4 fxe4
43.h5+ Kf5 44.Be3 Ne2 45.Kf1 Nxf4 46.Bxc5 Nxh5 47.Bd4 g5 48.c5 Ke6 49.Kf2 Kd5
50.Be3 Ng7  0-1

[Event "Wch U20"]
[Site "Yerevan"]
[Date "1999.09.27"]
[Round "10"]
[White "Svetushkin, Dmitry"]
[Black "Iljushin, Alexei"]
[Result "1/2-1/2"]
[WhiteElo "2486"]
[BlackElo "2527"]

1.Nf3 d5 2.g3 c6 3.Bg2 Bg4 4.O-O Nd7 5.d3 e6 6.Nbd2 Bd6 7.e4 Ngf6 8.h3 Bh5
9.Qe1 Bxf3 10.Nxf3 Qc7 11.b3 dxe4 12.dxe4 e5 13.Bb2 O-O 14.Qe2 Nc5 15.Nd2 b5
16.a4 a6 17.Ra2 Nfd7 18.Rfa1 Nb6 19.axb5 axb5 20.Rxa8 Rxa8 21.Rxa8+ Nxa8
22.Qd1 Nb6 23.Qa1 f6 24.h4 Qc8 25.Nf1 Qa8 26.Qd1 Be7 27.Ne3 g6 28.h5 Ne6
29.hxg6 hxg6 30.Qg4 Kf7 31.Qh4 Bf8 32.Ng4 Bg7 33.Nh6+ Bxh6 34.Qxh6 Qa2 35.Bc1 g5
36.Be3 Nd7 37.Qh7+ Ke8 38.Bh3 Ndf8 39.Qh5+ Ke7 40.Qd1 Qb2 41.Qd2 Qa3 42.Bg4 Nd7
43.b4 Qb2 44.Kg2 Nd4 45.c3 Qxd2 46.Bxd2 Ne6 47.Be3 Nd8 48.Kf3 Nf7 49.Bf5 Nd6
50.Kg4 Nc4 51.Ba7 Nd2 52.f4 gxf4 53.gxf4 exf4 54.Kxf4 Nc4 55.Bd4 Nce5 56.Be3 Nf7
57.Kf3 Nde5+ 58.Kg3  1/2-1/2

[Event "Najdorf mem op"]
[Site "Buenos Aires"]
[Date "1999.09.30"]
[Round "9"]
[White "Fernandez Murga, Roberto"]
[Black "Ginzburg, Maximiliano"]
[Result "1-0"]
[WhiteElo "2241"]
[BlackElo "2406"]

1.Nf3 d5 2.g3 Nf6 3.Bg2 Bg4 4.c4 c6 5.cxd5 cxd5 6.Ne5 Bf5 7.Nc3 e6 8.g4 Bg6
9.Qa4+ Nbd7 10.h4 a6 11.Nxd7 Qxd7 12.Qxd7+ Nxd7 13.h5 Bc2 14.d3 d4 15.Ne4 Ba4
16.h6 g6 17.Bg5 Be7 18.Bxe7 Kxe7 19.g5 Rac8 20.b3 Bc6 21.Kd2 f5 22.gxf6+ Nxf6
23.Nxf6 Bxg2 24.Rhg1 Kxf6 25.Rxg2 Rc5 26.Rc1 Rxc1 27.Kxc1 Rc8+ 28.Kd2 Rc5
29.Rg4 e5 30.e3 Kf5 31.Re4 dxe3+ 32.Kxe3 g5 33.Rc4 Rb5 34.Rc7 Kg6 35.Rg7+ Kxh6
36.Rg8 Kh5 37.Ke4 Kg4 38.Rh8 h5 39.f3+ Kh4 40.Rh7 b6 41.Rh6 a5 42.Rh8 g4
43.fxg4 Kxg4 44.Rg8+ Kh3 45.Rg5 h4 46.d4 Rb4 47.Kxe5 Kh2 48.d5 a4 49.d6 axb3
50.axb3 Rxb3 51.d7 Rd3 52.Ke6 h3 53.Rd5 Rxd5 54.Kxd5 Kg2 55.d8=Q h2 56.Qg5+  1-0

[Event "Wch U20"]
[Site "Yerevan"]
[Date "1999.09.30"]
[Round "13"]
[White "Bakhtadze, Giorgi"]
[Black "Galkin, Alexander"]
[Result "0-1"]
[WhiteElo "2403"]
[BlackElo "2535"]

1.Nf3 d5 2.g3 g6 3.Bg2 Bg7 4.d3 Nf6 5.Nbd2 Nc6 6.e4 e5 7.O-O O-O 8.exd5 Nxd5
9.Nc4 h6 10.Re1 Re8 11.Nfd2 Be6 12.Ne4 b6 13.Ne3 Nde7 14.Ng4 Bxg4 15.Qxg4 f5
16.Nf6+ Bxf6 17.Qc4+ Kg7 18.Bxc6 Nxc6 19.Qxc6 Qd6 20.Qxd6 cxd6 21.a4 d5 22.c3 Rac8
23.a5 b5 24.a6 Re6 25.Ra5 Rb6 26.Be3 d4 27.cxd4 exd4 28.Bf4 Kf7 29.Kf1 g5
30.Be5 Rc2 31.b4 Rb2 32.Bc7 Rc6 33.Bb8 Rcc2 34.Bxa7 g4 35.Bb8 Rxf2+ 36.Kg1 Rg2+
37.Kh1 Rxh2+ 38.Kg1 Rhg2+ 39.Kh1 Bg5 40.Bf4 Rh2+ 41.Kg1 Rhg2+ 42.Kf1 Bxf4
43.gxf4 Rh2 44.Kg1 Rbg2+ 45.Kf1 Ra2 46.Kg1 Rhg2+ 47.Kf1 Rxa5 48.bxa5 Ra2
49.Re5 Rxa5 50.Rxf5+ Kg6 51.Rd5 Rxa6 52.Rxd4 Kf5 53.Kg2 Ra4 54.Rd5+ Kxf4
55.Rxb5 Ra2+ 56.Kf1 g3 57.d4 Kg4 58.Kg1 h5 59.Re5 h4 60.Re1 Rd2 61.Rb1 h3
62.Ra1 h2+  0-1

[Event "ISL-ch"]
[Site "Reykjavik"]
[Date "1999.09.31"]
[Round "1"]
[White "Kjartansson, David"]
[Black "Stefansson, Hannes"]
[Result "0-1"]
[WhiteElo "2154"]
[BlackElo "2584"]

1.Nf3 d5 2.g3 c6 3.Bg2 Bg4 4.O-O Nd7 5.d3 Ngf6 6.c4 e6 7.b3 Bd6 8.Bb2 O-O
9.Nbd2 a5 10.Qc2 e5 11.h3 Bxf3 12.Bxf3 a4 13.e3 Re8 14.Bc3 Qe7 15.Bg2 b5
16.Rae1 Bb4 17.Bxb4 Qxb4 18.Rb1 Reb8 19.Nf3 h6 20.Rfd1 Qd6 21.d4 e4 22.c5 Qc7
23.Nd2 axb3 24.axb3 Ra3 25.b4 Rba8 26.Nb3 R8a4 27.Na5 Nb8 28.Rb2 Na6  0-1

[Event "World Cities-ch 2nd"]
[Site "Shenyang"]
[Date "1999.10.06"]
[Round "4"]
[White "Pigusov, Evgeny"]
[Black "Wu Wenjin"]
[Result "1-0"]
[WhiteElo "2609"]
[BlackElo "2435"]

1.Nf3 d5 2.g3 Nf6 3.Bg2 c6 4.O-O Bg4 5.c4 Nbd7 6.d3 e6 7.b3 Bd6 8.Bb2 O-O
9.Nbd2 a5 10.a3 Bh5 11.d4 Qb8 12.Re1 b5 13.c5 Be7 14.b4 Qc7 15.Bc3 a4 16.Qc1 Rae8
17.Qb2 Bd8 18.Ne5 Nxe5 19.dxe5 Nd7 20.f4 f6 21.exf6 Bxf6 22.e4 e5 23.exd5 cxd5
24.Bxd5+ Kh8 25.Ne4 exf4 26.Nxf6 gxf6 27.Rxe8 Bxe8 28.Rf1 fxg3 29.Rxf6 Nxf6
30.Bxf6+ Rxf6 31.Qxf6+ Qg7 32.Qxg7+ Kxg7 33.c6 Kf6 34.c7 Bd7 35.Bb7 Ke7 36.c8=Q  1-0

[Event "EU-ch U20 Girls"]
[Site "Patras"]
[Date "1999.10.07"]
[Round "3"]
[White "Goletiani, Rusudan"]
[Black "Henriques, Sofia"]
[Result "1-0"]
[WhiteElo "2386"]
[BlackElo "2018"]

1.Nf3 d5 2.g3 Nc6 3.d3 e5 4.Bg2 Nf6 5.O-O Be7 6.Nbd2 O-O 7.e4 Be6 8.c3 Re8
9.Re1 Bf8 10.b4 a6 11.Bb2 h6 12.a3 Qd7 13.exd5 Bxd5 14.c4 Bxf3 15.Nxf3 e4
16.dxe4 Qxd1 17.Raxd1 Rxe4 18.Rxe4 Nxe4 19.Ne5 Nxe5 20.Bxe5 Bd6 21.Bxd6 Nxd6
22.c5 Nb5 23.a4 Nc3 24.Rd7 a5 25.b5 c6 26.Rxb7 cxb5 27.axb5 a4 28.b6  1-0

[Event "World Cities-ch 2nd"]
[Site "Shenyang"]
[Date "1999.10.07"]
[Round "7"]
[White "Pigusov, Evgeny"]
[Black "Juswanto, Denny"]
[Result "1/2-1/2"]
[WhiteElo "2609"]
[BlackElo "2465"]

1.Nf3 d5 2.g3 Nf6 3.Bg2 g6 4.c4 c6 5.b3 Bg7 6.Bb2 O-O 7.O-O Bg4 8.d4 Bxf3
9.Bxf3 e6 10.Nd2 Nbd7 11.Rc1 Qe7 12.Qc2 h5 13.Rfe1 Rad8 14.Rcd1 Rfe8 15.Bg2 h4
16.e4 dxe4 17.Nxe4 hxg3 18.hxg3 Nxe4 19.Bxe4 Qg5 20.Kg2 f5 21.f4 Qf6 22.Bf3 Qf7
23.Re3 Nf6 24.Qe2 Qd7 25.Re1 Kf7 26.Bc3 b5 27.Qc2 Ng4 28.Bxg4 fxg4 29.Re4 bxc4
30.bxc4 Rb8 31.Qd1 c5 32.d5 exd5 33.Rxe8 Rxe8 34.Rxe8 Qxe8 35.Bxg7 Kxg7  1/2-1/2

[Event "EU-ch U20"]
[Site "Patras"]
[Date "1999.10.08"]
[Round "4"]
[White "Mateuta, Gabriel"]
[Black "Haznedaroglu, Kivanc"]
[Result "1-0"]
[WhiteElo "2398"]
[BlackElo "2187"]

1.Nf3 d5 2.g3 Nf6 3.Bg2 Bf5 4.c4 c6 5.b3 e6 6.Bb2 Nbd7 7.O-O Be7 8.d3 O-O
9.Nbd2 h6 10.Re1 Bg6 11.Qc1 Qb6 12.d4 Rac8 13.c5 Qc7 14.b4 b6 15.Qc3 Rb8
16.Rac1 Rfc8 17.Ba1 Qb7 18.Ne5 Nxe5 19.dxe5 Nd7 20.Nb3 Qa6 21.Qd2 Qa3 22.Bd4 bxc5
23.bxc5 Rb5 24.Rc3 Qb4 25.Rec1 a5 26.Qe3 a4 27.Nd2 Qb2 28.a3 Bg5 29.f4 Bd8
30.Rc4 Qa2 31.Rxa4 Ba5 32.Nf1 Kh7 33.g4 Ra8 34.Qf2 Qb3 35.Rxa5 Rbxa5 36.f5 exf5
37.gxf5 Bh5 38.Ng3 Bg4 39.h3 Rxa3 40.e3 Bd1 41.Qd2 Ra2 42.Qxd1 Qb8 43.Rb1 Qc7
44.f6 g6 45.Qg4 Rc2 46.Nf5 Raa2 47.Nh4 Rf2 48.Rf1 Rxf1+ 49.Kxf1 Qb8 50.Nf3 Qb1+
51.Ne1 Nf8 52.h4 h5 53.Qg3 Ne6 54.Bh3 Nxd4 55.exd4 Qe4 56.Qf3 Qxd4 57.e6 Qc4+
58.Nd3 Rd2 59.Bf5  1-0

[Event "EU-ch U20"]
[Site "Patras"]
[Date "1999.10.09"]
[Round "5"]
[White "Stryjecki, Marek"]
[Black "Berescu, Alin"]
[Result "1/2-1/2"]
[WhiteElo "2448"]
[BlackElo "2386"]

1.g3 d5 2.Nf3 g6 3.Bg2 Bg7 4.c4 dxc4 5.Na3 e5 6.Qa4+ Bd7 7.Qxc4 Bc6 8.O-O Ne7
9.Qc2 Nf5 10.e3 Nd7 11.d3 Nb6 12.Nc4 Nxc4 13.dxc4 Qe7 14.Rd1 O-O 15.Bd2 a5
16.Bc3 Qc5 17.Qe2  1/2-1/2

[Event "EU-ch U20 Girls"]
[Site "Patras"]
[Date "1999.10.12"]
[Round "7"]
[White "Hitzgerova, Gabriela"]
[Black "Gurbanova, Kemala"]
[Result "0-1"]
[WhiteElo "2208"]
[BlackElo "2078"]

1.Nf3 d5 2.g3 c5 3.Bg2 Nc6 4.O-O e5 5.d3 Nf6 6.Nc3 d4 7.Nb1 Be7 8.e4 O-O
9.Nbd2 b6 10.Nc4 Qc7 11.a4 Bb7 12.Ne1 Ne8 13.f4 f6 14.f5 Nd6 15.Nxd6 Bxd6
16.g4 g5 17.fxg6 hxg6 18.Nf3 Nd8 19.Nh4 Qh7 20.Qe1 Ne6 21.Qf2 Be7 22.Nf3 Bd6
23.h4 Rae8 24.Bd2 Re7 25.Qg3 Nf4 26.Bxf4 exf4 27.Qf2 Bc8 28.g5 fxg5 29.Nxg5 Qh6
30.Bf3 Re5 31.Qh2 Be7 32.Rf2 Bxg5 33.hxg5 Rxg5+ 34.Rg2 Qxh2+ 35.Kxh2 Rxg2+
36.Kxg2 Kg7 37.Rg1 g5 38.Kf2 Kg6 39.Bg4 Bxg4 40.Rxg4 Rh8 41.Rg2 a6 42.Kf3 b5
43.axb5 axb5 44.Kg4 Rh4+ 45.Kf3 Rh3+ 46.Kg4 Re3 47.b3 b4 48.Rg1 Re2 49.Ra1 Rg2+
50.Kf3 Rxc2 51.Ra6+ Kh5 52.e5 Rd2 53.Ke4 Kg4 54.Rf6 f3 55.e6 Re2+ 56.Kd5 f2
57.Kxc5 Kg3 58.Kxb4 Rxe6 59.Rf7 Re1  0-1

[Event "AUT2W-chT"]
[Site "Hohenems"]
[Date "1999.10.15"]
[Round "1.1"]
[White "Dobosz, Henryk"]
[Black "Donev, Ivo Hristov"]
[Result "1-0"]
[WhiteElo "2376"]
[BlackElo "2394"]

1.Nf3 d5 2.g3 c6 3.Bg2 Bg4 4.O-O Nd7 5.d3 e6 6.Nbd2 Bd6 7.e4 Ne7 8.d4 O-O
9.h3 Bxf3 10.Nxf3 Qb6 11.Qd3 dxe4 12.Qxe4 Nf6 13.Qd3 h6 14.Qb3 Qxb3 15.axb3 Ng6
16.c3 e5 17.dxe5 Nxe5 18.Nxe5 Bxe5 19.Rd1 Rad8 20.Be3 a6 21.Bb6 Rd7 22.Kf1 Re8
23.h4 Bb8 24.b4 Ree7 25.Bd8 Rxd1+ 26.Rxd1 Rd7 27.Rxd7 Nxd7 28.Bh3 Ne5 29.Bc8 b5
30.Bxa6 Kf8 31.b3 Bd6 32.Ke2 Ke8 33.Ba5 Kd7 34.c4 bxc4 35.Bxc4 f6 36.b5 Nxc4
37.bxc4 cxb5 38.cxb5 Ke6 39.Kd3 Kd5 40.Bb6 h5 41.Be3 g6 42.Kc3 Be7 43.Kb3 g5
44.Ka4 gxh4 45.gxh4 f5 46.Bg5 Bc5 47.f3 Bb6 48.Kb4 Kd4 49.Be7 Kd3 50.Bc5 Bd8
51.b6 Bxh4 52.Bd6 Bf2 53.b7 Ba7 54.Kb5  1-0

[Event "AUT2W-chT"]
[Site "Hohenems"]
[Date "1999.10.15"]
[Round "1.4"]
[White "Maier, Peter"]
[Black "Burschowsky, Matthias"]
[Result "0-1"]
[WhiteElo "2108"]
[BlackElo "2161"]

1.Nf3 d5 2.g3 Nf6 3.Bg2 Bf5 4.O-O Nbd7 5.d3 e5 6.b3 Bd6 7.Bb2 h6 8.Nbd2 O-O
9.Re1 e4 10.Nd4 Bg6 11.dxe4 dxe4 12.Nc4 Bc5 13.a3 a5 14.Qd2 Qe7 15.Ne3 Ne5
16.Nef5 Qd7 17.Qf4 Neg4 18.Rad1 Rad8 19.Bh3 h5 20.Bxg4 Nxg4 21.Nxg7 Bd6 22.Qg5 Kxg7
23.Ne6+ Kh7 24.Nxd8 Rxd8 25.h3 f6 26.Qd5 Nh6 27.Kg2 Bf5 28.Rh1 e3 29.f3 Qe7
30.Qc4 Rg8 31.g4 Be6 32.Qe4+ f5 33.Qd4 fxg4 34.hxg4 Bxg4 35.Kf1 Nf5 36.Qd3 Kh6
37.Rxh5+ Bxh5 38.Qxf5 Qg5 39.Qxg5+ Rxg5 40.Bc1 Bf4 41.Rd4 Rf5 42.Re4 Kg5
43.Bxe3 Bxe3 44.Rxe3 Rc5 45.c3 Bg6 46.b4 axb4 47.cxb4 Rc2 48.Kf2 Kf4 49.Re7 b5
50.Re3 Bf7 51.Re4+ Kf5 52.Kg3 Rc3 53.Re7 Kf6 54.Rd7 Ke6 55.Rd4 Rxa3 56.Re4+ Kd6
57.Rf4 Bc4 58.e4 Rb3 59.Rf6+ Ke7 60.e5 Rxb4 61.f4 Be2 62.Rh6 Rb3+ 63.Kf2 Bd3
64.Ke3 c5 65.Rf6 b4 66.Kd2 c4 67.f5 Rb2+ 68.Ke3 b3 69.Re6+ Kd7 70.Rd6+ Kc7
71.f6 Re2+ 72.Kd4 b2  0-1

[Event "VAM Hoogeveen op"]
[Site "Hoogeveen"]
[Date "1999.10.15"]
[Round "1"]
[White "Van der Weide, Karel"]
[Black "Moll, Arne"]
[Result "1-0"]
[WhiteElo "2434"]
[BlackElo "2172"]

1.Nf3 d5 2.g3 Bg4 3.Bg2 Nd7 4.d3 e6 5.Nbd2 Bd6 6.O-O Ne7 7.h3 Bh5 8.Qe1 c6
9.e4 e5 10.a3 O-O 11.b3 f6 12.Bb2 Bf7 13.d4 exd4 14.Nxd4 Re8 15.Qd1 Bc5 16.exd5 Nxd5
17.Ne4 Bf8 18.c4 Nc7 19.Nf5 Nc5 20.Ned6 Bxd6 21.Nxd6 Nxb3 22.Nxe8 Qxd1 23.Raxd1 Nxe8
24.Rfe1 Bxc4 25.Re7 Ba6 26.Red7 Nc5 27.Rd8 Rxd8 28.Rxd8 Kf7 29.Bd4 Nb3 30.Bxa7 Ke7
31.Rb8 Na5 32.Bc5+ Kd7 33.Bb4 Nb3 34.Bf8 Nd2 35.h4 f5 36.h5 h6 37.Bh3 Nf3+
38.Kg2 Ne1+ 39.Kh1 Bd3 40.Rxb7+ Kc8 41.Re7  1-0

[Event "Wichern op 5th"]
[Site "Hamburg"]
[Date "1999.10.16"]
[Round "2"]
[White "Junge, Kai"]
[Black "Novikov, Igor A"]
[Result "0-1"]
[WhiteElo "2290"]
[BlackElo "2614"]

1.Nf3 d5 2.g3 c6 3.Bg2 Bg4 4.O-O Nd7 5.d3 e6 6.Nbd2 Bd6 7.h3 Bh5 8.Qe1 Ne7
9.e4 O-O 10.Kh1 Qc7 11.Nb3 e5 12.g4 Bg6 13.Nh4 f6 14.Nf5 Nxf5 15.gxf5 Bf7
16.Bf3 Kh8 17.Rg1 Rg8 18.Qe2 Nb6 19.Bd2 c5 20.Rad1 c4 21.Nc1 Na4 22.Rg3 Nxb2
23.Rdg1 cxd3 24.cxd3 dxe4 25.Bxe4 Na4 26.Qg4 Nc5 27.Qh4 Nxe4 28.dxe4 Qe7
29.Rg4 Qe8 30.Rxg7 Rxg7 31.Qxf6 Qg8 32.Bh6 Bf8 33.Qxe5 Re8 34.Qa1 Rxe4 35.Bxg7+ Bxg7
36.f6 Qc8 37.fxg7+ Kg8 38.Kh2 Qc7+ 39.Rg3 Re1 40.Qf6 Rxc1  0-1

[Event "Wichern op 5th"]
[Site "Hamburg"]
[Date "1999.10.16"]
[Round "2"]
[White "Slobodjan, Roman"]
[Black "Christenson, Flemming"]
[Result "1-0"]
[WhiteElo "2550"]
[BlackElo "2223"]

1.g3 d5 2.Nf3 c6 3.Bg2 Bg4 4.b3 Nd7 5.Bb2 Ngf6 6.d3 e6 7.Nbd2 Bd6 8.O-O O-O
9.Qe1 e5 10.e4 Re8 11.h3 Bxf3 12.Nxf3 a5 13.a3 Qb6 14.Rb1 Rad8 15.Nh4 dxe4
16.dxe4 Bc5 17.Nf5 Nf8 18.Bc3 Ra8 19.b4 axb4 20.axb4 Bd4 21.Bd2 Qc7 22.Bg5 N8d7
23.Qd2 Bb6 24.Rb3 Re6 25.Rd3 Nf8 26.c4 c5 27.b5 Ba5 28.Qc1 Ne8 29.Ne3 b6
30.Nd5 Qa7 31.Rfd1 f6 32.Be3 Nc7 33.f4 Nxd5 34.exd5 Rd6 35.fxe5 fxe5 36.Be4 Bb4
37.Rf1 Qa2 38.Bg5 Qa7 39.Rdf3 Ng6 40.Qc2 Qa2 41.Qxa2 Rxa2 42.Be7  1-0

[Event "BL9900 (Women)"]
[Site "Germany"]
[Date "1999.10.17"]
[Round "2.5"]
[White "Sheynina, Yuliya"]
[Black "Jackova, Jana"]
[Result "0-1"]
[WhiteElo "2089"]
[BlackElo "2233"]

1.Nf3 d5 2.g3 Bg4 3.Bg2 Nd7 4.d3 Ngf6 5.Nbd2 e5 6.h3 Bh5 7.e4 c6 8.O-O Bc5
9.Qe2 O-O 10.b3 Re8 11.Bb2 a5 12.a4 h6 13.Rfd1 Qb6 14.Nf1 Qa6 15.Re1 Bb4
16.N1d2 Rad8 17.g4 Bg6 18.Nh4 Nf8 19.f3 Qa7+ 20.Kh2 Bh7 21.Red1 Bd6 22.Bh1 Ne6
23.Ng2 Nd4 24.Bxd4 exd4+ 25.Kg1 dxe4 26.fxe4 Bxe4 27.Qf2 Bd5 28.Re1 Rxe1+
29.Rxe1 Qb8 30.Nf1 Nh7 31.Nh4 Ng5 32.Bg2 b5 33.axb5 cxb5 34.Nf5 Bxg2 35.Qxg2 Bb4
36.Re2 a4 37.Ne7+ Bxe7 38.Rxe7 Qf4 39.bxa4 bxa4 40.Ra7 Re8 41.Qg3 Qf6 42.Nh2 Re3  0-1

[Event "AUT2W-chT"]
[Site "Hohenems"]
[Date "1999.10.17"]
[Round "3.1"]
[White "Dobosz, Henryk"]
[Black "Sucher, Johannes"]
[Result "1/2-1/2"]
[WhiteElo "2376"]
[BlackElo "2229"]

1.Nf3 d5 2.g3 Nf6 3.Bg2 Nbd7 4.c4 e6 5.Qc2 c6 6.O-O b6 7.b3 Bb7 8.Nc3 Be7
9.d4 O-O 10.Bb2 c5 11.cxd5 Nxd5 12.Nxd5 Bxd5 13.e4 Bb7 14.Rfd1 Rc8 15.d5 exd5
16.exd5 Bf6 17.Rd2 Re8 18.Rad1 Bxb2 19.Qxb2 Qf6 20.Qc2 Qd6 21.Ng5  1/2-1/2

[Event "Qingdao Daily Cup"]
[Site "Qingdao"]
[Date "1999.10.18"]
[Round "2"]
[White "Nazarov, Anvar"]
[Black "Wu Wenjin"]
[Result "0-1"]
[WhiteElo "2493"]
[BlackElo "2435"]

1.Nf3 d5 2.g3 Nf6 3.Bg2 g6 4.O-O Bg7 5.d3 O-O 6.Nbd2 c5 7.e4 Nc6 8.Re1 b6
9.exd5 Nxd5 10.Nc4 Bb7 11.a4 Qc7 12.Bg5 a6 13.Qc1 Rfe8 14.Bh6 Bh8 15.Ng5 Nd4
16.Ne4 Nb4 17.Na3 f5 18.Nd2 Bxg2 19.Kxg2 Qc6+ 20.f3 Qxa4 21.c3 Nxd3 22.Qb1 Nxe1+
23.Qxe1 e5 24.cxd4 exd4 25.Qf1 Qc6 26.h4 b5 27.Rc1 Rad8 28.Bg5 Rd5 29.h5 Rde5
30.Qh1 Re2+ 31.Kh3 Bg7 32.h6 Bf6 33.Bxf6 Qxf6 34.f4 g5  0-1

[Event "VAM Hoogeveen op"]
[Site "Hoogeveen"]
[Date "1999.10.20"]
[Round "6"]
[White "Bosboom, Manuel"]
[Black "Barsov, Alexei"]
[Result "1-0"]
[WhiteElo "2476"]
[BlackElo "2539"]

1.Nf3 d5 2.g3 Bg4 3.Bg2 e6 4.O-O Bd6 5.d3 Ne7 6.e4 c6 7.Qe1 O-O 8.h3 Bh5
9.Nh2 f6 10.Nd2 Na6 11.Ndf3 e5 12.Qe2 Nc7 13.Ng4 Kh8 14.Nh4 a5 15.Bf3 Bf7
16.Ne3 Re8 17.Bh5 g6 18.Bf3 Ng8 19.Bg2 a4 20.a3 Bf8 21.Kh1 Ne6 22.f4 exf4
23.gxf4 dxe4 24.dxe4 Nc5 25.e5 f5 26.Nf3 Ne4 27.Kh2 Bh6 28.Nd1 b5 29.Qe1 Bc4
30.Rg1 Ne7 31.Nf2 Nc5 32.h4 Bd5 33.Nh3 Ne6 34.Nhg5 Bxg5 35.hxg5 Be4 36.Qf2 Nd5
37.Kg3 Re7 38.Rh1 Rd7 39.Rh6  1-0

[Event "Wichern op 5th"]
[Site "Hamburg"]
[Date "1999.10.21"]
[Round "8"]
[White "Junge, Kai"]
[Black "Meier, David Geffrey"]
[Result "1-0"]
[WhiteElo "2290"]
[BlackElo "2105"]

1.Nf3 d5 2.g3 Nf6 3.Bg2 c5 4.O-O Nc6 5.d3 e6 6.Nbd2 Be7 7.e4 O-O 8.Re1 b5
9.e5 Nd7 10.Nf1 a5 11.h4 Nd4 12.Nxd4 cxd4 13.Qg4 Kh8 14.Qxd4 Ba6 15.Re2 b4
16.Qg4 Rc8 17.Bf4 a4 18.Rd2 Nc5 19.Ne3 Bb5 20.Rad1 b3 21.axb3 axb3 22.c4 dxc4
23.dxc4 Bd7 24.Bg5 f6 25.exf6 gxf6 26.Bh6 Rg8 27.Qe2 Qe8 28.Nf1 Bc6 29.Bxc6 Qxc6
30.Be3 e5 31.Rd5 Ne6 32.Rd7 Rce8 33.Ra7 Rg7 34.Rdd7 Bf8 35.Qd1 Ree7 36.Rxe7 Bxe7
37.Qe2 Bc5 38.Rxg7 Kxg7 39.Qg4+ Kf7 40.Qh5+ Kg8 41.Qg4+ Kf7 42.Qf5 Nf8 43.Qd3 Bxe3
44.Nxe3 Qa4 45.Kh2 Qb4 46.Qd5+ Ne6 47.Nf5 Qb6 48.Qd7+ Kg6 49.Ne7+ Kh5 50.Kh3 Kh6
51.Ng8+  1-0

[Event "Arco op"]
[Site "Arco"]
[Date "1999.10.24"]
[Round "2"]
[White "Efimov, Igor"]
[Black "Haldemann, Paul"]
[Result "1-0"]
[WhiteElo "2445"]
[BlackElo "2235"]

1.Nf3 d5 2.g3 Nd7 3.d4 b6 4.Bg2 Bb7 5.O-O e6 6.b3 Ngf6 7.c4 Be7 8.Bb2 O-O
9.Nc3 c5 10.cxd5 Nxd5 11.Rc1 Rc8 12.Qd3 Nxc3 13.Bxc3 cxd4 14.Bxd4 Bf6 15.Rfd1 Bxd4
16.Nxd4 Bxg2 17.Kxg2 Nf6 18.Nc6 Qxd3 19.Rxd3 Rc7 20.b4 Nd5 21.b5 Ra8 22.e4 Nb4
23.Rd6 Kf8 24.a3 Nxc6 25.Rcxc6 Rb7 26.e5 Ke7 27.h4 Rd8 28.h5 h6 29.Kf3 Rdd7
30.Ke4 Rbc7 31.f4 Rxc6 32.Rxc6 Rd1 33.Rc7+ Rd7 34.Rc8 Rd8 35.Rc7+ Rd7 36.Rc4 Rd1
37.Ra4 Rd7 38.g4 Rc7 39.g5 Rd7 40.Rc4 Rd1 41.Ra4 Rd7 42.Kf3 Rd3+ 43.Kg4 Rd7
44.Rc4 Rd1 45.Kf3 Rd3+ 46.Ke4 Rd7 47.Ke3 Rd1 48.Rc7+ Rd7 49.Rc8 Rd8 50.Rc1 Rd5
51.Ke4 Rd2 52.Rc4 Rd1 53.Rc7+ Rd7 54.Rc1 Rd2 55.Ke3 Rd8 56.Rc7+ Rd7 57.Rc8 Rd8
58.Rxd8 Kxd8 59.f5 Ke7 60.f6+ Kf8 61.fxg7+ Kxg7 62.Kf4 Kh7 63.gxh6 Kxh6 64.Kg4 Kg7
65.Kg5 f5 66.exf6+  1-0

[Event "Wch U16 Girls"]
[Site "Oropesa del Mar"]
[Date "1999.10.25"]
[Round "2"]
[White "Calotescu, Cristina"]
[Black "Skrochocka, Justyna"]
[Result "1/2-1/2"]
[WhiteElo "2176"]
[BlackElo "2035"]

1.Nf3 d5 2.g3 Nc6 3.d4 Bg4 4.Bg2 Qd7 5.Bf4 f6 6.c4 dxc4 7.d5 Nb4 8.Nc3 O-O-O
9.Rc1 e5 10.Be3 Nxd5 11.Nxd5 Qxd5 12.Qxd5 Rxd5 13.Ng5 Rd7 14.Rxc4 Bf5 15.Ne4 b6
16.O-O Ne7 17.Nc3 Be6 18.Ra4 Kb8 19.Rc1 Nd5 20.Nb5 Nxe3 21.Nxa7 Nxg2 22.Nc6+ Kb7
23.Ra7+ Kc8 24.Ra8+ Kb7 25.Ra7+ Kc8 26.Ra8+ Kb7 27.Rb8+ Ka6 28.Ra8+ Kb7  1/2-1/2

[Event "Wch U16"]
[Site "Oropesa del Mar"]
[Date "1999.10.25"]
[Round "2"]
[White "Ni Hua"]
[Black "Jakubowski, Krzysztof"]
[Result "1-0"]
[WhiteElo "2369"]
[BlackElo "2320"]

1.Nf3 d5 2.g3 Nf6 3.Bg2 Nbd7 4.d4 e6 5.O-O Be7 6.c4 dxc4 7.Nbd2 b5 8.a4 c6
9.axb5 cxb5 10.Ne5 Nxe5 11.Bxa8 Qxd4 12.Nf3 Nxf3+ 13.Bxf3 Qb6 14.b3 O-O 15.bxc4 bxc4
16.Be3 Bc5 17.Bxc5 Qxc5 18.Qa4 e5 19.Rfc1 Be6 20.Bb7 Qd4 21.Qxa7 Qb2 22.e4 h5
23.Rcb1 Qd4 24.Rd1 Qb2 25.Bd5 c3 26.Rdb1 Qe2 27.Bxe6 fxe6 28.Rb7 Qg4 29.h3 Qg6
30.Rb8 Rxb8 31.Qxb8+ Kh7 32.Qxe5 Nxe4 33.h4 c2 34.Rc1 Nd2 35.Qe3 Ne4 36.Qd3 Qf5
37.Qxc2 g6 38.Re1 Nf6 39.Qc7+  1-0

[Event "Wch U18"]
[Site "Oropesa del Mar"]
[Date "1999.10.26"]
[Round "3"]
[White "Ibrahimov, Rasul"]
[Black "Starostits, Andris"]
[Result "1/2-1/2"]
[WhiteElo "2396"]
[BlackElo "2224"]

1.Nf3 d5 2.g3 Nf6 3.Bg2 c6 4.c4 Bf5 5.cxd5 cxd5 6.Qb3 Qc8 7.Nc3 e6 8.d3 Be7
9.O-O O-O 10.Bf4 Nc6 11.Rac1 Qd7 12.Ne5 Nxe5 13.Bxe5 Bg6 14.e4 Ng4 15.Bf4 d4
16.Ne2 e5 17.Bd2 Kh8 18.Bh3 f5 19.exf5 Bxf5 20.f3 Ne3 21.Bxf5 Nxf5 22.a4  1/2-1/2